Statistics for August 25th: Birthdays

Click here to take the quiz!

General Stats

  • This quiz has been taken 6 times
  • The average score is 4 of 7

Answer Stats

YearClueAnswer% Correct
1961Artist of Achy Breaky HeartBilly Ray Cyrus
83%
1958Director of BeetlejuiceTim Burton
83%
1530Russian TsarIvan the Terrible
67%
1930Acted in the James Bond filmsSean Connery
67%
1919Governor of AlabamaGeorge Wallace
50%
1927Won 7 Grand Slam singles titlesAlthea Gibson
0%
1911Vietnam War GeneralVõ Nguyên Giáp
0%

Score Distribution

Percentile by Number Answered

Percent of People with Each Score

Your Score History

You have not taken this quiz